000 00461nam a2200205Ia 4500
001 11742
003 GE_BSU
008 181216s||||||||xx |||||||||||||| ||und||
020 _a9780061229695
040 _cGE_BSU
080 _a821.111-312.4
100 _aSanos,Linsay
245 _aVampiros are forever:An argenau novel
260 _aNew York
260 _bAvon
260 _c2008
300 _a372p.17cm.
653 _aVampiros are forever
942 _cBK
999 _c44921
_d44921